000 00786nam a22001817a 4500
999 _c61142
_d61142
005 20231222160222.0
008 231222s1956 ru ||||| |||| 00| 0 rus d
041 _arus
080 _a902.6 Ч-15
100 _aЧайлд, Гордон
_920858
245 _aДревнейший Восток в свете новых раскопок /
_cГордон Чайлд.
264 _aМосква:
_bИздательство иностранной литературы,
_c1956.
300 _a384 с.:
_bил.;
_c21 см.
653 _aძველი აღმოსავლეთი ახალი გათხრების ფონზე
653 _aარქეოლოგია
653 _aძველი ცივილიზაციები
942 _2udc
_cᲬᲘᲒᲜᲘ